[Event "Pan American-ch U18 Girls"]
[Site "Santiago de Chile"]
[Date "2018.07.25"]
[Round "5"]
[White "Martinez Mansilla, Cyntia Belen"]
[Black "Mena Contreras, Winslia"]
[Result "1/2-1/2"]
[WhiteElo "1413"]
[BlackElo "1210"]
[PlyCount "94"]
[EventDate "2018.07.22"]
[EventType "swiss"]
[EventRounds "9"]
[EventCountry "CHI"]
[SourceTitle "EXT 2022"]
[Source "ChessBase"]
[SourceDate "2021.10.06"]
[SourceVersion "1"]
[SourceVersionDate "2021.10.06"]
[SourceQuality "1"]

1. e4 e5 2. Nf3 Nc6 3. d4 exd4 4. Nxd4 Nxd4 5. Qxd4 Qf6 6. Qc4 Qe6 7. Nc3 Qxc4 8. Bxc4 Bb4 9. Bf4 Bxc3+ 10. bxc3 Nf6 11. Bxc7 Nxe4 12. Be5 0-0 13. f3 Re8 14. fxe4 Rxe5 15. Bd3 d5 16. 0-0 dxe4 17. Rae1 f5 18. Bc4+ Be6 19. Bxe6+ Rxe6 20. Rxf5 g6 21. Rc5 e3 22. Re2 Rf8 23. Rd5 Rc8 24. Rd3 Rce8 25. Rd7 Rb6 26. g3 Rc6 27. Rxb7 Rxc3 28. Rxa7 Rxc2 29. Rxc2 e2 30. Rxe2 Rxe2 31. a4 Ra2 32. h4 h6 33. g4 Kf8 34. Kf1 Ke8 35. Ra6 Ke7 36. a5 Ra4 37. Rxg6 Rxa5 38. Rxh6 Ra4 39. g5 Kf7 40. Rf6+ Kg7 41. h5 Rh4 42. h6+ Kh7 43. Kf2 Rg4 44. Rf5 Kg6 45. Rf6+ Kxg5 46. h7 Rh4 47. Rf7 Kg6 1/2-1/2

[Event "Pan American-ch U18 Girls"]
[Site "Santiago de Chile"]
[Date "2018.07.22"]
[Round "1"]
[White "Mena Contreras, Winslia"]
[Black "Malan, Lucia"]
[Result "0-1"]
[WhiteElo "1210"]
[BlackElo "1753"]
[PlyCount "64"]
[EventDate "2018.07.22"]
[EventType "swiss"]
[EventRounds "9"]
[EventCountry "CHI"]
[SourceTitle "EXT 2022"]
[Source "ChessBase"]
[SourceDate "2021.10.06"]
[SourceVersion "1"]
[SourceVersionDate "2021.10.06"]
[SourceQuality "1"]

1. e4 c5 2. Nf3 d6 3. d3 Nf6 4. Bg5 Nc6 5. h3 e6 6. c3 Be7 7. Nbd2 0-0 8. Bxf6 Bxf6 9. Be2 b5 10. a4 b4 11. Qc2 Bb7 12. 0-0 Rc8 13. c4 d5 14. cxd5 exd5 15. Qxc5 Nd4 16. Qxa7 Nxe2+ 17. Kh1 dxe4 18. Qxb7 exf3 19. Qxf3 Nd4 20. Qd1 Nc2 21. Rb1 Qxd3 22. Rc1 Bxb2 23. Rb1 Bc3 24. Rb3 Qxd2 25. Qxd2 Bxd2 26. Rd1 Rfd8 27. a5 Bf4 28. Rxd8+ Rxd8 29. f3 Be5 30. a6 Ra8 31. Rd3 g6 32. f4 Bd4 0-1

[Event "CHI-ch (Women)"]
[Site "Santiago de Chile"]
[Date "2017.01.05"]
[Round "5"]
[White "Mena Contreras, Winslia"]
[Black "Sanchez Tobar, Francisca Valentina"]
[Result "0-1"]
[WhiteElo "1340"]
[BlackElo "1580"]
[PlyCount "92"]
[EventDate "2017.01.03"]
[EventType "swiss"]
[EventRounds "9"]
[EventCountry "CHI"]
[SourceTitle "CBM 176 Extra"]
[Source "ChessBase"]
[SourceDate "2017.03.02"]
[SourceVersion "1"]
[SourceVersionDate "2017.03.02"]
[SourceQuality "1"]

1. e4 e5 2. Nf3 Nc6 3. Bc4 Be7 4. Nc3 Nf6 5. d3 d6 6. h3 0-0 7. Be3 Be6 8. Bb3 d5 9. exd5 Nxd5 10. Nxd5 Bxd5 11. c4 Bxf3 12. gxf3 Bb4+ 13. Bd2 Qxd3 14. Bxb4 Nxb4 15. Qxd3 Nxd3+ 16. Ke2 Rad8 17. Rab1 Nf4+ 18. Ke1 Rd3 19. Bc2 Rd4 20. Rd1 Rxc4 21. Rd2 Rd4 22. Kd1 Rfd8 23. Rxd4 Rxd4+ 24. Kc1 Nd3+ 25. Kb1 Nxf2 26. Re1 f6 27. Be4 Nxe4 28. fxe4 Kf7 29. Kc2 Ke6 30. h4 c5 31. h5 g6 32. Rg1 g5 33. Re1 h6 34. Re3 b6 35. Ra3 a5 36. Rb3 Rb4 37. Re3 f5 38. exf5+ Kxf5 39. a3 Rf4 40. Rb3 g4 41. Rxb6 g3 42. Rxh6 g2 43. Rg6 Rg4 44. Rxg4 Kxg4 45. h6 g1Q 46. h7 Qh2+ 0-1